|
|
|
|
| LEADER |
00000nam2a2200000 4500 |
| 001 |
378520 |
| 005 |
20231102013018.0 |
| 010 |
|
|
|a 506001519X
|
| 035 |
|
|
|a (RuTPU)RU\TPU\retro\35976
|
| 035 |
|
|
|a RU\TPU\book\34543
|
| 090 |
|
|
|a 378520
|
| 100 |
|
|
|a 20230601d1989 m y0rusy50 ca
|
| 101 |
0 |
|
|a rus
|
| 102 |
|
|
|a RU
|
| 105 |
|
|
|a y j 000zy
|
| 200 |
0 |
|
|a Ч. 2 : Физико-химические методы анализа
|
| 210 |
|
|
|d 1989
|
| 215 |
|
|
|a 384 с.
|
| 461 |
|
1 |
|0 (RuTPU)RU\TPU\book\34542
|y 506001519-X
|t Аналитическая химия
|o учебное пособие: в 2 частях
|f В. П. Васильев
|v Ч. 2 : Физико-химические методы анализа
|d 1989
|
| 606 |
1 |
|
|a Аналитическая химия
|2 stltpush
|3 (RuTPU)RU\TPU\subj\67454
|9 83247
|
| 610 |
1 |
|
|a физико-химический анализ
|
| 610 |
1 |
|
|a схемы
|
| 610 |
1 |
|
|a учебные пособия
|
| 675 |
|
|
|a 543(075.8)
|v 3
|
| 801 |
|
0 |
|a RU
|b 63413507
|c 20011210
|g PSBO
|
| 801 |
|
2 |
|a RU
|b 63413507
|c 20230601
|g PSBO
|
| 900 |
|
|
|a Аналитическая химия и физико-химические методы анализа
|
| 942 |
|
|
|c BK
|